<?xml version="1.0" encoding="UTF-8"?><?xml-stylesheet type="text/xsl" href="static/style.xsl"?><OAI-PMH xmlns="http://www.openarchives.org/OAI/2.0/" xmlns:xsi="http://www.w3.org/2001/XMLSchema-instance" xsi:schemaLocation="http://www.openarchives.org/OAI/2.0/ http://www.openarchives.org/OAI/2.0/OAI-PMH.xsd"><responseDate>2026-06-02T07:13:07Z</responseDate><request verb="GetRecord" identifier="oai:riuma.uma.es:10630/27291" metadataPrefix="marc">https://riuma.uma.es/rest/oai/request</request><GetRecord><record><header><identifier>oai:riuma.uma.es:10630/27291</identifier><datestamp>2026-02-03T12:07:50Z</datestamp><setSpec>com_10630_2254</setSpec><setSpec>col_10630_37959</setSpec></header><metadata><record xmlns="http://www.loc.gov/MARC21/slim" xmlns:dcterms="http://purl.org/dc/terms/" xmlns:doc="http://www.lyncode.com/xoai" xmlns:xsi="http://www.w3.org/2001/XMLSchema-instance" xsi:schemaLocation="http://www.loc.gov/MARC21/slim http://www.loc.gov/standards/marcxml/schema/MARC21slim.xsd">
   <leader>00925njm 22002777a 4500</leader>
   <datafield ind2=" " ind1=" " tag="042">
      <subfield code="a">dc</subfield>
   </datafield>
   <datafield ind2=" " ind1=" " tag="720">
      <subfield code="a">Chaves-Guerrero, Elisa Isabel</subfield>
      <subfield code="e">author</subfield>
   </datafield>
   <datafield ind2=" " ind1=" " tag="260">
      <subfield code="c">2023</subfield>
   </datafield>
   <datafield ind2=" " ind1=" " tag="520">
      <subfield code="a">La propuesta se dirige al desarrollo de un artivismo educativo dirigido al fomento del pensamiento crítico y a la generación de conciencia social para formular ideas positivas, inclusivas y constructivas y que se extiendan a toda la población a través de las aulas, las redes sociales y las visitas a los museos; así como también, el planteamiento de la figura del profesorado que no solo es consumidor, sino también creador de contenidos didácticos en las redes sociales, convirtiéndose estas en potentes herramientas educativas y de sensibilización social comprometida.  &#xd;
El objetivo de la investigación es, por tanto, deconstruir, en la formación de maestras y maestros, los discursos hegemónicos de los museos locales, y construir discursos alternativos sobre los objetos museísticos a través de narrativas audiovisuales.</subfield>
   </datafield>
   <datafield ind1="8" ind2=" " tag="024">
      <subfield code="a">https://hdl.handle.net/10630/27291</subfield>
   </datafield>
   <datafield tag="653" ind2=" " ind1=" ">
      <subfield code="a">Educación - Investigación</subfield>
   </datafield>
   <datafield tag="653" ind2=" " ind1=" ">
      <subfield code="a">Ciencias sociales - Estudio y enseñanza - Efectos de las innovaciones tecnológicas</subfield>
   </datafield>
   <datafield ind2="0" ind1="0" tag="245">
      <subfield code="a">Artivismo, narrativas audiovisuales y TikTok. Didáctica de objetos museísticos en la formación inicial de docentes.</subfield>
   </datafield>
</record>
</metadata></record></GetRecord></OAI-PMH>